All Marvel Snap Locations - Statistics

General Stats
  • This quiz has been taken 38 times
    18 since last reset
  • The average score is 35 of 111
Answer Stats
Answer % Correct
Wakanda
76%
Asgard
71%
New york
71%
Knowhere
59%
Shuri’s Lab
59%
Ego
53%
Fisk Tower
53%
Sanctum Sanctorum
53%
Sokovia
53%
Vormir
53%
Central Park
47%
Death’s Domain
47%
Dream Dimension
47%
Kamar-Taj
47%
Stark Tower
47%
X-Mansion
47%
Aunt May's
41%
Bar With No Name
41%
Hell’s Kitchen
41%
K’un-Lun
41%
Limbo
41%
Luke’s Bar
41%
Mojoworld
41%
Oscorp Tower
41%
Ruins
41%
Washington D.C.
41%
Weirdworld
41%
Xandar
41%
Altar of Death
35%
Attilan
35%
Avengers Compound
35%
Bar Sinister
35%
Baxter Building
35%
Dark Dimension
35%
Isle of Silence
35%
Jotunheim
35%
Necrosha
35%
Negative Zone
35%
Onslaught’s Citadel
35%
Sakaar
35%
Savage Land
35%
The Bifrost
35%
The Nexus
35%
Titan
35%
TVA
35%
Wakandan Embassy
35%
Atlantis
29%
Danger Room
29%
District X
29%
Great Web
29%
Hellfire Club
29%
Klyntar
29%
Kyln
29%
Lamentis-1
29%
Mirror Dimension
29%
Morag
29%
Muir Island
29%
Orchis Forge
29%
Project Pegasus
29%
Quantum Realm
29%
Quantum Tunnel
29%
Sewer System
29%
Strange Academy
29%
The Hub
29%
The Raft
29%
The Triskelion
29%
The Vault
29%
Tinkerer’s Workshop
29%
Westview
29%
Worldship
29%
Asteroid M
24%
Cloning Vats
24%
Collapsed Mine
24%
Daily Bugle
24%
Elysium
24%
Hala
24%
Lemuria
24%
Machineworld
24%
Miniaturized Lab
24%
Monster Island
24%
Murderworld
24%
Nidavellir
24%
Sinister London
24%
The Ice Box
24%
The Peak
24%
The Space Throne
24%
Throne Room
24%
White Hot Room
24%
Camp Lehigh
18%
Crimson Cosmos
18%
Gamma Lab
18%
Grand Central
18%
Lechugilla
18%
Mindscape
18%
Monster Metropolis
18%
Nova Roma
18%
Olympia
18%
Pet Mansion
18%
Rickety Bridge
18%
Shadowland
18%
The Big House
18%
Valley of The Hand
18%
Vibranium Mines
18%
Warrior Falls
18%
Eternity Range
12%
Los Diablos Base
12%
Sacred Timeline
12%
Starlight Citadel
12%
Subterranea
12%
The Superflow
12%
Lake Hellas
6%
No matching quizzes found
Score Distribution
Percent of People with Each Score
Percentile by Number Answered
Your Score History
You have not taken this quiz since the last reset